000 00266nam a22001097a 4500
040 _cNUST
082 _a297.7 ISH
100 _aIshtiaq Ahmed Qureshi
_9108954
245 _aSeerat Kai Isbaaq
260 _aLAHORE:
_bFAZLEES BOOK SUPERMARKET,
_c2022.
942 _2ddc
_cBK
999 _c593239
_d593239